[Event "5th Russian Cup Final"]
[Site "Kazan RUS"]
[Date "2001.10.09"]
[Round "8"]
[White "Filippov,V"]
[Black "Vaulin,A"]
[Result "0-1"]
[WhiteElo "2617"]
[BlackElo "2548"]
[EventDate "2001.10.02"]

1. Nf3 d5 2. d4 e6 3. g3 Nf6 4. Bg2 b5 5. a4 b4 6. c4 bxc3 7. Nxc3 Nbd7 8.
O-O Ba6 9. Qc2 Bd6 10. Nb5 O-O 11. Bf4 Qb8 12. Nxc7 Bxc7 13. Bxc7 Rc8 14.
Rfc1 Qb7 15. Qc6 Qxc6 16. Rxc6 Bxe2 17. Rac1 Ne4 18. Ne5 Nxe5 19. Bxe5 Rxc6
20. Rxc6 a5 21. f3 Nd2 22. Kf2 Bd1 23. Rc3 Bxa4 24. Bf4 Nb3 25. Ke3 f6 26.
Rc7 e5 27. dxe5 g5 28. exf6 d4+ 29. Ke4 gxf4 30. Bh3 fxg3 31. Be6+ Kh8 32.
hxg3 Nd2+ 33. Kf5 Nxf3 34. Bd5 Rd8 35. Bxf3 d3 36. Ke6 d2 37. Ke7 Re8+ 38.
Kf7 Rg8 39. Ke7 Re8+ 40. Kf7 Rb8 41. Ra7 d1=Q 42. Bxd1 Bxd1 43. Rxa5 Bc2
44. Ra7 Bg6+ 45. Ke6 Kg8 46. b4 Kf8 47. Ra4 Bc2 48. Ra7 Rb6+ 49. Ke5 Rxb4
50. Ra8+ Kf7 51. Ra7+ Kg6 52. Rg7+ Kh6 53. Ke6 Bg6 54. Rg8 Rb6+ 55. Ke5 Rb7
56. Kf4 Rf7 0-1

[Event "5th Russian Cup Final"]
[Site "Kazan RUS"]
[Date "2001.10.10"]
[Round "9"]
[White "Kharlov,A"]
[Black "Galliamova,A"]
[Result "1-0"]
[WhiteElo "2656"]
[BlackElo "2547"]
[EventDate "2001.10.02"]

1. e4 c6 2. d4 d5 3. e5 Bf5 4. Nf3 e6 5. c3 c5 6. Be3 cxd4 7. Nxd4 Ne7 8.
Nd2 Nbc6 9. f4 Nxd4 10. cxd4 Nc6 11. Be2 Qb6 12. g4 Bg6 13. O-O h6 14. f5
Bh7 15. Rf3 Be7 16. Nb3 f6 17. exf6 Bxf6 18. fxe6 O-O 19. Bd3 Bxd3 20. Qxd3
Nb4 21. Qd2 Qxe6 22. Nc5 Qxg4+ 23. Rg3 Qh4 24. Qxb4 Be5 25. Qe1 Bxg3 26.
Qxg3 Qh5 27. Ne6 Rf7 28. Nf4 Qf5 29. Qg6 Qd7 30. Nd3 Rf6 31. Qg2 Qf5 32.
Ne5 Rc8 33. Re1 Kh7 34. a3 Rc2 35. Re2 Rc3 36. h3 Rcc6 37. Kh2 Rb6 38. Qxd5
Qb1 39. Qg2 Rbe6 40. Rc2 Rxe5 41. dxe5 Rg6 42. Qe4 1-0

[Event "5th Russian Cup Final"]
[Site "Kazan RUS"]
[Date "2001.10.10"]
[Round "9"]
[White "Vaulin,A"]
[Black "Kurnosov,I"]
[Result "1/2-1/2"]
[WhiteElo "2548"]
[BlackElo "2424"]
[EventDate "2001.10.02"]

1. d4 f5 2. g3 Nf6 3. Bg2 e6 4. Nf3 d5 5. b3 Bd6 6. O-O Qe7 7. c4 c6 8. Bb2
b6 9. Qc1 Bb7 10. Ba3 Nbd7 11. Bxd6 Qxd6 12. Nbd2 O-O 13. Qb2 Ne4 14. Rac1
a5 15. Rfd1 Rfc8 16. e3 b5 17. Ne5 Nef6 18. c5 Qe7 19. Ndf3 Nf8 20. a3 Rc7
21. Ne1 Bc8 22. f3 Bd7 23. e4 fxe4 24. fxe4 dxe4 25. Qe2 Be8 26. Bxe4 Rd8
27. N1f3 Nxe4 28. Qxe4 Bg6 29. Qf4 h6 30. Re1 Bh7 31. Re2 Qf6 32. Qd2 Ra8
33. Rf1 Qd8 34. Ref2 Qd5 35. Qf4 Qe4 36. Qd2 Qd5 37. Qc3 Rb7 38. Qe3 Qe4
39. Qc1 Qd5 40. Qd1 Bf5 41. Nh4 Be4 42. Ng2 Bxg2 43. Rxg2 Nd7 44. Ng6 Qg5
45. Nf4 e5 46. h4 Qf5 47. dxe5 1/2-1/2

[Event "5th Russian Cup Final"]
[Site "Kazan RUS"]
[Date "2001.10.10"]
[Round "9"]
[White "Popov,Val"]
[Black "Loginov,Va"]
[Result "1-0"]
[WhiteElo "2578"]
[BlackElo "2513"]
[EventDate "2001.10.02"]

1. d4 Nf6 2. c4 e6 3. Nc3 Bb4 4. Qc2 d5 5. cxd5 exd5 6. Bg5 h6 7. Bh4 c5 8.
dxc5 g5 9. Bg3 Ne4 10. e3 Qa5 11. Nge2 Bf5 12. Be5 f6 13. Bxb8 Rxb8 14. Nd4
Nxc3 15. Qxf5 Ne4+ 16. Ke2 Qxc5 17. a3 Ba5 18. Qe6+ Qe7 19. Qxd5 Qe5 20.
Qxe5+ fxe5 21. Nb3 Bb6 22. Nd2 Nxd2 23. Kxd2 Rf8 24. Bb5+ Ke7 25. Ke2 Rf6
26. Rac1 Rd8 27. Rc2 Rfd6 28. h4 g4 29. g3 Kf6 30. Rhc1 Kf5 31. Ke1 Ba5+
32. b4 Bb6 33. Be2 a5 34. bxa5 Bxa5+ 35. Kf1 h5 36. Rc5 b6 37. Rc7 R6d7 38.
Rxd7 Rxd7 39. Rc6 Rh7 40. e4+ Kxe4 41. Rd6 Kf5 42. Bd3+ e4 43. Rd5+ Ke6 44.
Bxe4 Rh6 45. Rg5 Bd2 46. Rb5 Ke7 47. Ke2 Bc1 48. a4 Ba3 49. Rg5 Kf6 50. Rb5
Ke7 51. Ke1 Bc5 52. a5 Rf6 53. f3 Kd8 54. a6 Rf7 55. Ke2 Kc8 56. fxg4 hxg4
57. h5 Kb8 58. h6 Ka7 59. h7 Rf8 60. Bd3 Rf2+ 61. Kd1 Rh2 62. Rb2 Rh1+ 63.
Kc2 Rh3 64. Rb5 Rh2+ 65. Kc3 Rh3 66. Rb2 Bd6 67. Re2 b5 68. Re8 Bxg3 69.
Kc2 1-0

[Event "5th Russian Cup Final"]
[Site "Kazan RUS"]
[Date "2001.10.11"]
[Round "10"]
[White "Filippov,V"]
[Black "Burmakin,V"]
[Result "1-0"]
[WhiteElo "2617"]
[BlackElo "2586"]
[EventDate "2001.10.02"]

1. Nf3 d5 2. d4 c6 3. c4 Nf6 4. Nc3 a6 5. Bg5 Ne4 6. h4 f6 7. Bf4 Nxc3 8.
bxc3 dxc4 9. g3 Qa5 10. Qc1 Nd7 11. Bg2 e5 12. dxe5 fxe5 13. Be3 Ba3 14.
Qc2 Bc5 15. Bxc5 Qxc5 16. Qf5 Qe7 17. O-O e4 18. Nd2 Nf6 19. Qf4 e3 20.
Nxc4 exf2+ 21. Rxf2 Qc5 22. Nd6+ Ke7 23. Ne4 Nxe4 24. Qf7+ Kd8 25. Bxe4 Bd7
26. Rd1 Qe7 27. Qb3 1-0

[Event "5th Russian Cup Final"]
[Site "Kazan RUS"]
[Date "2001.10.11"]
[Round "10"]
[White "Kurnosov,I"]
[Black "Kornev,Alexe"]
[Result "1/2-1/2"]
[WhiteElo "2424"]
[BlackElo "2518"]
[EventDate "2001.10.02"]

1. e4 c6 2. d4 d5 3. e5 c5 4. dxc5 e6 5. Be3 Nd7 6. Bb5 Ne7 7. Nf3 Qc7 8.
O-O Ng6 9. b4 a5 10. c3 Be7 11. Bd4 O-O 12. Bd3 b6 13. cxb6 Nxb6 14. Nbd2
Bd7 15. a3 Nf4 16. Bc2 Bb5 17. Re1 axb4 18. cxb4 Na4 19. Rc1 Qb7 20. Nb3
Qa6 21. Kh1 Rfc8 22. Ng1 Nb6 23. Bxb6 Qxb6 24. Qd4 Qxd4 25. Nxd4 Bd3 26. g3
Rc4 27. Ngf3 Ne2 28. Bxd3 Rxc1 29. Bxe2 Rxe1+ 30. Nxe1 Rxa3 31. Nd3 Bd8 32.
Kg2 Ra2 33. Kf3 Bb6 34. Nb5 f6 35. Nd6 Bd4 36. exf6 gxf6 37. Nb5 Bb6 38.
Nf4 Rb2 39. Nxe6 Rxb4 40. Nbc7 Rb3+ 41. Kf4 Rb2 42. Kf3 Kf7 43. Nd8+ Kf8
44. Nde6+ Ke7 45. Nf4 Bxc7 46. Nxd5+ Kd6 47. Nxf6 h6 48. Ng4 Rb3+ 1/2-1/2

[Event "5th Russian Cup Final"]
[Site "Kazan RUS"]
[Date "2001.10.11"]
[Round "10"]
[White "Loginov,Va"]
[Black "Timofeev,Ar"]
[Result "1/2-1/2"]
[WhiteElo "2513"]
[BlackElo "2517"]
[EventDate "2001.10.02"]

1. Nf3 c5 2. g3 g6 3. Bg2 Bg7 4. c4 Nc6 5. Nc3 e5 6. a3 Nge7 7. b4 d6 8.
Rb1 O-O 9. d3 Rb8 10. Bd2 b6 11. O-O h6 12. Ne1 f5 13. f4 exf4 14. gxf4 Nd4
15. e3 Ne6 16. Qa4 a6 17. Nd5 g5 18. bxc5 dxc5 19. fxg5 hxg5 20. Qd1 Bd7
21. a4 a5 22. Qh5 Bxa4 23. Bxa5 Be8 24. Qh3 g4 25. Qg3 Ng6 26. Bxb6 Qc8 27.
Nc2 Be5 28. Qxe5 Nxe5 29. Ne7+ Kh7 30. Nxc8 Rxc8 31. d4 cxd4 32. Nxd4 Nxd4
33. Bxd4 Nxc4 34. Rb7+ Kg6 35. Ra1 Rf7 36. Ra6+ Kh5 37. Rxf7 Bxf7 38. Rf6
Bg6 39. Bb7 Rc7 40. Bd5 Nd2 41. Rc6 Rxc6 42. Bxc6 1/2-1/2

[Event "5th Russian Cup Final"]
[Site "Kazan RUS"]
[Date "2001.10.12"]
[Round "11"]
[White "Yevseev,D"]
[Black "Kurnosov,I"]
[Result "1/2-1/2"]
[WhiteElo "2541"]
[BlackElo "2424"]
[EventDate "2001.10.02"]

1. d4 Nf6 2. c4 g6 3. Nc3 Bg7 4. e4 O-O 5. f3 c6 6. Be3 d5 7. e5 Nfd7 8. f4
Nb6 9. c5 Nc4 10. Bxc4 dxc4 11. Nf3 Na6 12. O-O Nc7 13. Qe1 Bf5 14. Qh4 f6
15. Rae1 b6 16. Rf2 Qd7 17. h3 Nd5 18. Bd2 Nxc3 19. Bxc3 Qd5 20. exf6 exf6
21. Rfe2 b5 22. Ba5 Bd7 23. Bc7 Rfe8 24. Bd6 Re6 25. Rxe6 Bxe6 26. Re3 Re8
27. Qe1 Bf8 28. Bxf8 Kxf8 29. Kh2 Qd7 30. a4 Bd5 31. axb5 cxb5 32. Rxe8+
Qxe8 33. Qa5 Qd7 34. Ne1 Bc6 35. Qc3 Qc7 36. Qg3 a5 37. Nc2 Qd7 38. Qc3 Qf5
39. Qxa5 Qxf4+ 40. Kg1 Qc1+ 41. Kh2 Qf4+ 42. Kg1 Qc1+ 43. Kh2 Qf4+ 44. Kg1
1/2-1/2